Statystyki dla Medaliści SK na żużlu w latach 1991-2020

Kliknij tutaj aby rozwiązać quiz!

Ogólne statystyki

  • Ten quiz został rozwiązany 26 razy
  • Średni wynik to 40 z 90

Statystyki odpowiedzi

RokMiastoZłoto% Poprawnych
Bartosz Smektała
88%
2018LublinBartosz Smektała
88%
2019GrudziądzDominik Kubera
88%
Dominik Kubera
88%
Bartosz Smektała
75%
Bartosz Zmarzlik
75%
Bartosz Zmarzlik
75%
2020GdańskDominik Kubera
75%
Jakub Miśkowiak
75%
2015PiłaKacper Woryna
75%
Krystian Pieszczek
75%
2011WrocławMaciej Janowski
75%
2010BydgoszczMaciej Janowski
75%
Maksym Drabik
75%
2017KrosnoMaksym Drabik
75%
Patryk Dudek
75%
Patryk Dudek
75%
2013RawiczPiotr Pawlicki
75%
2014KrosnoPiotr Pawlicki
75%
2012RzeszówPrzemysław Pawlicki
75%
Adrian Cyfer
63%
Artur Mroczka
63%
2008RzeszówMaciej Janowski
63%
Maciej Janowski
63%
Maciej Janowski
63%
Przemysław Pawlicki
63%
Robert Chmiel
63%
Szymon Woźniak
63%
WIktor Lampart
63%
Wiktor Trofimow
63%
Adrian Gała
50%
Adrian Gomólski
50%
Adrian Gomólski
50%
Grzegorz Zengota
50%
2009CzęstochowaGrzegorz Zengota
50%
2000ToruńJarosław Hampel
50%
2006Zielona GóraKarol Ząbik
50%
2016RawiczKrystian Pieszczek
50%
Maksym Drabik
50%
Marcin Rempała
50%
Michał Gruchalski
50%
Paweł Miesiąc
50%
Sławomir Musielak
50%
2004Zielona GóraAdrian Miedziński
38%
Grzegorz Zengota
38%
19912 rundyJacek Rempała
38%
Janusz Kołodziej
38%
2005TarnówJanusz Kołodziej
38%
1999GrudziądzMariusz Franków
38%
Patryk Pawlaszczyk
38%
Rafał Kurmański
38%
Robert Sawina
38%
1992GrudziądzTomasz Gollob
38%
Andrzej Zarzecki
25%
Dawid Kujawa
25%
Grzegorz Walasek
25%
Jarosław Hampel
25%
Krzysztof Cegielski
25%
Krzysztof Jabłoński
25%
2002RybnikKrzysztof Kasprzak
25%
Łukasz Romanek
25%
2007RybnikMarcin Jędrzejewski
25%
Mariusz Węgrzyk
25%
Mariusz Węgrzyk
25%
Mirosław Cierniak
25%
1994Gorzów Wlkp.Piotr Baron
25%
Piotr Winiarz
25%
1995ToruńRafał Dobrucki
25%
Rafał Dobrucki
25%
1997LesznoRafał Dobrucki
25%
Rafał Okoniewski
25%
1998LesznoRafał Okoniewski
25%
2001Zielona GóraRafał Okoniewski
25%
Robert Flis
25%
Robert Sawina
25%
Tomasz Bajerski
25%
Tomasz Cieślewicz
25%
Tomasz Gapiński
25%
1993MachowaTomasz Kruk
25%
Tomasz Świątkiewicz
25%
1996Zielona GóraWiesław Jaguś
25%
Karol Baran
13%
Piotr Protasiewicz
13%
Przemysław Pawlicki
13%
2003BydgoszczRobert Miśkowiak
13%
Sebastian Ułamek
13%
Tomasz Chrzanowski
13%
Waldemar Walczak
13%
Zbigniew Suchecki
13%
Ronnie Jamroży
0%

Rozkład punktacji

Percentyl według liczby udzielonych odpowiedzi

Procent ludzi z każdym wynikiem

Twoja historia wyników

Nie rozwiązałeś tego quizu